000 00481nam a22001817a 4500
005 20260227150358.0
008 260227b |||||||| |||| 00| 0 eng d
020 _a978-1-85326-024-7
050 _aPR 4558 .A53 D53 1999
100 _aDICKENS,CHARLES
245 _aDAVID COPPERFIELD
260 _aWARE,
_bWORDSWORTH CLASS,
_c1999,
300 _aXX,750P;ILL
500 _aINCLUDES BIBLOGRAPHIC DESCRIPTION
650 _aYOUNG MEN
700 _aBROWNE H.K.
942 _2lcc
_cBK
999 _c216721
_d216721